000 nam a22 7a 4500
999 _c3242
_d3242
005 20170522093139.0
008 170522b1970 enk||||| |||| 00| 0 eng d
020 _a0140091491
040 _aAKMAL
082 _a658.314 VRO
090 _a658.314
_bVRO
245 _aManagement and Motivation /
_cedited by Victor H. Vroom and Edward L. Deci
260 _aEngland :
_bPenguin Books,
_c1970
300 _a399p
_ccm
500 _aIncludes index
942 _2ddc
_cBOOK